NFL Players on the 2005 best recruits list - Statistics

General Stats
  • This quiz has been taken 3 times
  • The average score is 3 of 8
Answer Stats
Team Position Answer % Correct
Lions DT Ndamukong Suh
100%
Eagles WR DeSean Jackson
67%
Jets QB Mark Sanchez
67%
Raiders RB Darren McFadden
33%
Panthers RB Jonathan Stewart
33%
Texans LB Brian Cushing
0%
Patriots TE Martellus Bennett
0%
Panthers OT Michael Oher
0%
No matching quizzes found
Score Distribution
Percent of People with Each Score
Percentile by Number Answered
Your Score History
You have not taken this quiz